[Event "NZL-ch Rapid 129th"]
[Site "Christchurch"]
[Date "2022.01.11"]
[Round "2"]
[White "Black, Ross"]
[Black "Winter, Ryan"]
[Result "0-1"]
[WhiteElo "1669"]
[BlackElo "2006"]
[PlyCount "92"]
[EventDate "2022.01.11"]
[EventType "swiss (rapid)"]
[EventRounds "9"]
[EventCountry "NZL"]
[SourceTitle "CBM 206 Extra"]
[Source "ChessBase"]
[SourceDate "2022.03.31"]
[SourceVersion "1"]
[SourceVersionDate "2022.03.31"]
[SourceQuality "1"]

1. e4 c6 2. Nf3 d5 3. exd5 cxd5 4. Bb5+ Bd7 5. Nc3 Bxb5 6. Nxb5 Nc6 7. 0-0 Nf6 8. d4 a6 9. Nc3 e6 10. Bg5 Be7 11. Re1 0-0 12. a3 Rc8 13. Qd3 Qc7 14. h3 h6 15. Bh4 b5 16. Bg3 Bd6 17. Bxd6 Qxd6 18. Ne5 Na5 19. b4 Nc4 20. Nxc4 Rxc4 21. Ne2 Rfc8 22. c3 Ne4 23. Rac1 Qc7 24. f3 Nxc3 25. Nxc3 Rxc3 26. Rxc3 Qxc3 27. Qb1 Qxd4+ 28. Kh2 Qc3 29. f4 Qc2 30. Qa1 Rc4 31. Qe5 Re4 32. Qb8+ Kh7 33. Rxe4 Qxe4 34. Qb6 Qxf4+ 35. Kh1 Qc1+ 36. Kh2 Qxa3 37. Qd6 a5 38. Qe7 Qxb4 39. Qxf7 Qe4 40. Qa7 b4 41. Qxa5 b3 42. Qc3 Qc2 43. Qe5 b2 44. Qxe6 b1Q 45. Qxd5 Qe4 46. Qc5 Qf1 0-1

[Event "NZL-ch op 129th"]
[Site "Christchurch"]
[Date "2022.01.09"]
[Round "8"]
[White "Winter, Ryan"]
[Black "Cilia Vincenti, David"]
[Result "1-0"]
[WhiteElo "2006"]
[BlackElo "2074"]
[PlyCount "121"]
[EventDate "2022.01.02"]
[EventType "swiss"]
[EventRounds "9"]
[EventCountry "NZL"]
[SourceTitle "EXT 2023"]
[Source "ChessBase"]
[SourceDate "2022.10.05"]
[SourceVersion "1"]
[SourceVersionDate "2022.10.05"]
[SourceQuality "1"]

1. e4 e5 2. Nf3 Nc6 3. Bb5 a6 4. Ba4 Nf6 5. 0-0 Nxe4 6. d4 Be7 7. Re1 b5 8. Bb3 d5 9. dxe5 Be6 10. c3 0-0 11. Nbd2 Nc5 12. Nd4 Nxd4 13. cxd4 Nd3 14. Rf1 c5 15. Bc2 Nxc1 16. Rxc1 c4 17. f4 f5 18. Rf2 b4 19. Nf1 a5 20. Ne3 g6 21. h3 Kh8 22. g4 Qe8 23. Kh2 a4 24. gxf5 gxf5 25. Qf3 Qf7 26. Rg1 b3 27. axb3 axb3 28. Bb1 Rg8 29. Rfg2 Rxg2+ 30. Rxg2 Rg8 31. Rxg8+ Kxg8 32. Kg1 Bd8 33. Kf1 Bb6 34. Qg3+ Qg6 35. Qh4 Kf7 36. Ng4 h5 37. Nh2 Bxd4 38. Nf3 Bc5 39. Ng5+ Kg7 40. Qg3 Kh6 41. Qc3 Be7 42. h4 Bxg5 43. fxg5+ Kg7 44. Qd4 Qf7 45. Qf4 Kg6 46. Qd4 Qc7 47. Ke2 Qa5 48. Kd1 Qb5 49. Ke1 Qa5+ 50. Kd1 Kf7 51. Bxf5 Bxf5 52. e6+ Kg8 53. Qf6 Bc2+ 54. Ke2 Qc7 55. e7 Qh2+ 56. Ke3 Qg1+ 57. Kf4 Qc1+ 58. Ke5 Qxb2+ 59. Ke6 Bf5+ 60. Qxf5 Qe2+ 61. Kd7 1-0

[Event "NZL-ch op 128th"]
[Site "Palmerston North"]
[Date "2021.01.09"]
[Round "8"]
[White "Winter, Ryan"]
[Black "Tang, Hao"]
[Result "1/2-1/2"]
[WhiteElo "1896"]
[BlackElo "1727"]
[PlyCount "101"]
[EventDate "2021.01.02"]
[EventType "swiss"]
[EventRounds "9"]
[EventCountry "NZL"]
[SourceTitle "CBM 200 Extra"]
[Source "ChessBase"]
[SourceDate "2021.03.31"]
[SourceVersion "1"]
[SourceVersionDate "2021.03.31"]
[SourceQuality "1"]

1. e4 d5 2. exd5 Qxd5 3. Nc3 Qa5 4. d4 c6 5. Bc4 Bf5 6. Nf3 e6 7. 0-0 Nf6 8. Re1 Be7 9. h3 Nbd7 10. Bf1 h6 11. a3 0-0 12. g4 Bh7 13. Bg2 Qc7 14. Qe2 Nb6 15. Ne5 Rad8 16. Be3 Nbd5 17. Nxd5 Nxd5 18. c4 Nxe3 19. Qxe3 Bg5 20. f4 Be7 21. Rad1 Qb6 22. Qf2 Bf6 23. Rd2 Bxe5 24. fxe5 Qb3 25. Bf1 Rd7 26. Red1 Rfd8 27. Qe2 Qg3+ 28. Bg2 a6 29. Qf3 Qh4 30. Qe3 h5 31. g5 Bf5 32. b3 Kh7 33. d5 Kg6 34. dxc6 Rxd2 35. Rxd2 Rxd2 36. Qxd2 bxc6 37. Qe3 c5 38. Qxc5 Qe1+ 39. Kh2 h4 40. Qg1 Qg3+ 41. Kh1 Qxb3 42. Qc1 Bxh3 43. c5 Bxg2+ 44. Kxg2 Qg3+ 45. Kh1 Qxe5 46. c6 Qc7 47. Qb1+ Kxg5 48. Qb7 Qg3 49. c7 Qe1+ 50. Kg2 Qe2+ 51. Kh1 1/2-1/2

[Event "NZL-ch op 128th"]
[Site "Palmerston North"]
[Date "2021.01.05"]
[Round "4"]
[White "Piwari, Dylan Tama"]
[Black "Winter, Ryan"]
[Result "1/2-1/2"]
[WhiteElo "2015"]
[BlackElo "1896"]
[PlyCount "66"]
[EventDate "2021.01.02"]
[EventType "swiss"]
[EventRounds "9"]
[EventCountry "NZL"]
[SourceTitle "CBM 200 Extra"]
[Source "ChessBase"]
[SourceDate "2021.03.31"]
[SourceVersion "1"]
[SourceVersionDate "2021.03.31"]
[SourceQuality "1"]

1. Nf3 Nf6 2. Nc3 d5 3. d4 Bf5 4. Bf4 c6 5. Qd2 e6 6. a3 Be7 7. h3 h6 8. Ne5 Nbd7 9. g4 Bh7 10. Nxd7 Qxd7 11. e3 Bd6 12. Bxd6 Qxd6 13. Bd3 Bxd3 14. Qxd3 e5 15. dxe5 Qxe5 16. f4 Qe7 17. 0-0-0 0-0-0 18. Rhe1 Rhe8 19. Qd4 Kb8 20. g5 hxg5 21. fxg5 Nh5 22. h4 Qe5 23. Qb4 Re6 24. Na4 Ng3 25. Nc5 Re7 26. e4 d4 27. Rd3 Nh5 28. Rb3 b6 29. Qa5 Kc8 30. Qa6+ Kb8 31. Qa5 Kc8 32. Qa6+ Kb8 33. Qa5 Kc8 1/2-1/2

[Event "NZL-ch op 127th"]
[Site "Tauranga"]
[Date "2020.01.21"]
[Round "8"]
[White "Winter, Ryan"]
[Black "He, Caleb"]
[Result "1-0"]
[WhiteElo "1862"]
[BlackElo "1626"]
[PlyCount "71"]
[EventDate "2020.01.14"]
[EventType "swiss"]
[EventRounds "9"]
[EventCountry "NZL"]
[SourceTitle "CBM 194 Extra"]
[Source "ChessBase"]
[SourceDate "2020.03.31"]
[SourceVersion "1"]
[SourceVersionDate "2020.03.31"]
[SourceQuality "1"]

1. e4 c5 2. Nc3 Nc6 3. Bb5 Nd4 4. Bc4 g6 5. Nf3 Bg7 6. Nxd4 cxd4 7. Qf3 e6 8. Nb5 Be5 9. c3 dxc3 10. dxc3 a6 11. Nd4 Bg7 12. a4 Qc7 13. Bb3 Ne7 14. 0-0 0-0 15. Bg5 d6 16. Rfd1 h6 17. Bf6 Nc6 18. Bxg7 Kxg7 19. Rd2 Rd8 20. h3 Qb6 21. Qe3 Qc7 22. Rad1 Na5 23. f4 Nxb3 24. Nxb3 b6 25. Qd4+ Kg8 26. Qb4 Bb7 27. Rxd6 Rxd6 28. Rxd6 b5 29. axb5 axb5 30. Qd4 Rc8 31. Nc5 Qxc5 32. Rd8+ Rxd8 33. Qxc5 Bxe4 34. Qxb5 Rd2 35. g4 Kf8 36. Qb4+ 1-0

[Event "NZL-ch op 126th"]
[Site "Auckland"]
[Date "2019.01.15"]
[Round "2"]
[White "Lim, Benjamin U"]
[Black "Winter, Ryan"]
[Result "1/2-1/2"]
[WhiteElo "1926"]
[BlackElo "1803"]
[PlyCount "64"]
[EventDate "2019.01.14"]
[EventType "swiss"]
[EventRounds "9"]
[EventCountry "NZL"]
[SourceTitle "CBM 188 Extra"]
[Source "ChessBase"]
[SourceDate "2019.02.26"]
[SourceVersion "1"]
[SourceVersionDate "2019.02.26"]
[SourceQuality "1"]

1. e4 c6 2. d3 d5 3. Nd2 Nf6 4. Ngf3 Bg4 5. h3 Bxf3 6. Qxf3 e6 7. g3 Nbd7 8. Bg2 Bd6 9. 0-0 Qc7 10. Qe2 e5 11. d4 dxe4 12. Nxe4 Nxe4 13. Qxe4 0-0 14. dxe5 Bxe5 15. f4 Bf6 16. c3 Rfe8 17. Qc2 Rad8 18. Qf2 Nb6 19. Re1 Rxe1+ 20. Qxe1 Nc4 21. Bf1 Qb6+ 22. Kg2 Nd6 23. Bd3 Qa5 24. Qf2 g6 25. Bc2 Nf5 26. Bxf5 Qd5+ 27. Kh2 Qxf5 28. Be3 a6 29. Re1 h5 30. Bb6 Rd7 31. h4 Kg7 32. Bc5 Qd3 1/2-1/2